Reflexiones sobre la violencia /

Saved in:
நூற்பட்டியல் விவரங்கள்
தலைமை எழுத்தாளர்: García, Camilo.
வடிவம்: புத்தகம்
மொழி:Spanish
வெளியீடப்பட்டது: Bogotá, D.C : ECOE Ediciones, 2005.
பதிப்பு:1. ed.
தொகுதி:Colección Textos universitarios (ECOE Ediciones) Área Filosofía, ciencias políticas.
பகுதிகள்:
குறியீடுகள்: குறிச்சொல் இணை
குறியீடுகள் இல்லை, இந்த குறிச்சொல்லை முதலில் பதிவு செய்யுங்கள்!
LEADER 00922cam a2200289Ia 4500
001 009972092-2
005 20060915165425.0
008 060629s2005 ck b 000 0 spa d
020 |a 9586484173 (pbk.) :  |c $32.67 
035 0 |a ocm70216122 
040 |a SFR  |c SFR  |d SFR 
043 |a s-ck--- 
050 0 0 |a HM886  |b .G37 2005 
082 0 4 |a 303.6  |2 22 
100 1 |a García, Camilo. 
245 1 0 |a Reflexiones sobre la violencia /  |c Camilo García. 
246 3 0 |a Violencia 
250 |a 1. ed. 
260 |a Bogotá, D.C :  |b ECOE Ediciones,  |c 2005. 
300 |a xi, 115 p. ;  |c 24 cm. 
490 1 |a Colección Textos universitarios. Área Filosofía, ciencias políticas 
504 |a Includes bibliographical references. 
650 0 |a Violence. 
650 0 |a Political violence  |z Colombia. 
830 0 |a Colección Textos universitarios (ECOE Ediciones)  |p Área Filosofía, ciencias políticas. 
988 |a 20060522 
906 |0 OCLC